Könige & Königinnen von England - Statistiken

Allgemein
  • Dieses Quiz wurde 325 mal gespielt
  • Das Durchschnittsergebnis liegt bei 40 aus 73
Antwortstatistiken
Regierungs-
-zeit & -dauer
👑 % Korrekt
1625 - 1649 (24 Jahre) Karl I. / Charles I.
96%
1660 - 1685 (25 Jahre) Karl II. / Charles II. (the Merry Monarch)
96%
seit 2022 (King) Charles III.
95%
1760 - 1820 (60 Jahre) Georg III. / George William Frederick
94%
1714 - 1727 (13 Jahre) Georg I. / Georg Ludwig von Hannover
92%
1727 - 1760 (33 Jahre} Georg II. / George Augustus
91%
1820 - 1830 (10 Jahre) Georg IV. / George Augustus Frederick
91%
1952 - 2022 (70 Jahre) (Queen) Elizabeth II.
90%
1558 - 1603 (45 Jahre) (The Virgin Queen) Elizabeth I.
90%
1830 - 1837 (7 Jahre) Wilhelm IV. / William Henry
88%
1170 - 1183 (13 Jahre) Heinrich der Jüngere / Henry the young king
84%
1100 - 1135 (35 Jahre) Heinrich I. / Henry I. Beauclerk
84%
1216 - 1272 (56 Jahre) Heinrich III. / Henry III.
84%
1154 - 1189 (35 Jahre) Heinrich II. Kurzmantel / Henry II. Curtmantle
84%
1399 - 1413 (14 Jahre) Heinrich IV. / Henry IV. Bolingbroke
84%
1422 - 1461 (39 Jahre) Heinrich VI. / Henry VI.
84%
1485 - 1509 (24 Jahre) Heinrich VII. / Henry Tudor
84%
1509 - 1547 (38 Jahre) Heinrich VIII. / Henry VIII.
84%
1837 - 1901 (63 Jahre) (Queen) Victoria
84%
899 - 924 (25 Jahre) Eduard der Ältere / Edward I. the Elder
81%
1042 - 1066 (24 Jahre) Eduard der Bekenner / Edward the Confessor
80%
975 - 978 (3 Jahre) Eduard der Märtyrer / Edward the Martyr
80%
1272 - 1307 (35 Jahre) Eduard I. / Edward I.
80%
1307 - 1327 (20 Jahre) Eduard II. / Edward II.
80%
1327 - 1377 (50 Jahre) Eduard III. / Edward III.
80%
1461 - 1483 (22 Jahre) Eduard IV. / Edward IV.
80%
1483 (3 Monate) Eduard V. / Edward V.
80%
1547 - 1553 (6 Jahre) Eduard VI. / Edward VI.
80%
1901 - 1910 (9 Jahre) Eduard VII. / Edward VII.
80%
1936 (327 Tage) Eduard VIII. / Edward VIII.
80%
1066 - 1087 (21 Jahre) Wilhelm I. der Eroberer / William the Conqueror
80%
1689 - 1702 (13 Jahre) Wilhelm III. / William von Oranien
80%
1087 - 1100 (13 Jahre) Wilhelm II. Rufus / William II. Rufus / William der Rote
80%
1689 - 1694 (5 Jahre) Maria II. / Mary II.
71%
1553 - 1558 (5 Jahre) Maria I. / Queen Mary / Bloody Mary
71%
1377 - 1399 (22 Jahre) Richard II.
65%
1483 - 1485 (2 Jahre) Richard III.
65%
1189 - 1199 (10 Jahre) Richard I. Löwenherz / Richard I. the Lionheart
65%
1910 - 1936 (26 Jahre) Georg(e) V.
62%
1936 - 1952 (15 Jahre) Georg(e) VI.
62%
1685 - 1688 (3 Jahre) Jakob II. / James II.
59%
1603 - 1625 (22 Jahre) Jakob I. / James I.
59%
1199 - 1216 (17 Jahre) Johann Ohneland / John Lackland
57%
1702 - 1714 (12 Jahre) Anne Stuart
56%
1413 - 1422 (9 Jahre) Heinrich V. / Harry of Lancaster
52%
1014 - 1016 (2 Jahre) (2. Amtszeit) Ethelred der Unberatene / Ethelred II.
30%
978 - 1013 (37 Jahre) Ethelred der Unberatene / Ethelred II.
30%
939 - 946 (7 Jahre) Edmund der Prächtige / Edmund I. the Elder
28%
1653 - 1658 (5 Jahre) Oliver Cromwell
28%
871 - 899 (28 Jahre) Alfred der Große / Alfred the Greatest
25%
1216 - 1217 (1 Jahr) Ludwig der Löwe / Ludwig VIII. (König von Frankreich)
24%
1035 - 1040 (5 Jahre) Harald I. Hasenfuß / Harold I. Harefoot
22%
1066 (9 Monate} Harald II. / Harold II.
22%
1141 - 1154 (13 Jahre) (2. Amtszeit) Stephen (of Blois)
20%
1135 - 1141 (6 Jahre) Stephen (of Blois)
20%
1658 - 1659 (1 Jahr) Richard Cromwell
19%
1016 - 1035 (19 Jahre) Knut der Große / Canute the Great
17%
1016 (1 Jahr) Edmund II. Eisenseite / Edmund Ironsite
15%
865 - 871 (6 Jahre) Ethelred I.
15%
1553 (9-13 Tage) (Lady) Jane Grey (the Nine Days Queen )
14%
802 - 839 (37 Jahre) Egbert / Ecghberht
13%
1066 (2 Monate) Edgar Etheling
12%
1013 - 1014 (40 Tage) Sven I. Gabelbart / Sweyn I.
12%
959 - 975 (16 Jahre) Edgar der Friedfertige / Edgar I.
11%
1141 (7 Monate) Matilda die Kaiserin / Maud
11%
924 - 939 (15 Jahre) Ethelstan
10%
839 - 858 (19 Jahre) Ethelwulf
10%
1040 - 1042 (2 Jahre) Hardiknut / Harthacanute
9%
955 - 959 (4 Jahre) Eadwig
7%
946 - 955 (9 Jahre) Eadred
6%
860 - 865 (5 Jahre) Ethelberht
5%
855 -860 (5 Jahre) Ethelbald
4%
924 (16 Tage) Ethelweard
3%
Keine übereinstimmenden Quizze gefunden
Verteilung der Resultate
Anzahl Personen mit jedem Resultat
Perzentil nach korrekt beantworteten Fragen
Ihre Resultats-Entwicklung
Sie haben dieses Quiz noch nicht gespielt